Guess the 1960s song lyrics #36 - Statistics

General Stats
  • This quiz has been taken 36 times
  • The average score is 102 of 134
Answer Stats
Answer % Correct
a
100%
I
100%
You
100%
you
100%
me
97%
my
97%
and
93%
love
93%
be
90%
in
90%
the
90%
to
90%
will
90%
Will
90%
your
90%
so
87%
So
87%
When
87%
But
83%
is
83%
Is
83%
that
83%
you're
83%
Can
80%
can
80%
heart
80%
of
80%
eyes
77%
just
77%
know
77%
mine
77%
I'm
73%
night
73%
now
73%
still
73%
this
70%
tomorrow
70%
say
67%
give
60%
only
60%
tell
60%
one
57%
sure
57%
won't
57%
broken
53%
I'd
53%
light
53%
like
53%
Or
53%
with
53%
sweetly
50%
Tonight
50%
completely
47%
morning
47%
again
43%
ask
43%
believe
40%
moment's
37%
pleasure
37%
treasure
37%
words
37%
sun
33%
lasting
30%
magic
27%
Meets
27%
unspoken
27%
sighs
20%
No matching quizzes found
Score Distribution
Percent of People with Each Score
Percentile by Number Answered
Your Score History
You have not taken this quiz